Výročná správa ...

Bibliographic Details
Previous Title:Výročná správa ...
Corporate Author: Slovensko. Pamiatkový úrad (Author)
Format: Serial
Language:Slovak
PhysicalDescription:3 zväzky 25 cm
Published: [Bratislava] Pamiatkový úrad SR 2003-[2005]
ISBN:8089175023
8089175090
8096863282
Subjects:

MARC

LEADER 00000cas a2200000 4500
001 vtls012070510
003 SK-MaSNL
005 20260228160607.0
008 240619d20032005xo ar 000 b0slo
020 |a 8089175023  |q (rok 2003 ;  |q brožované) 
020 |a 8089175090  |q (rok 2004 ;  |q brožované) 
020 |a 8096863282  |q (rok 2002 ;  |q brožované) 
040 |a SVKPO  |b slo  |c SVKPO  |d SNK  |e rda 
041 0 |a slo 
043 |a e-xo--- 
044 |a xo  |c SK 
072 7 |a 35  |x Verejná správa  |2 konspekt 
072 7 |a 71  |x Územné plánovanie. Urbanizmus. Pamiatková starostlivosť  |2 konspekt 
080 |a 35  |2 2011 
080 |a 719  |2 2011 
080 |a 351.853  |2 2011 
080 |a (437.6)  |2 2011 
080 |a (058)  |2 2011 
110 1 |a Slovensko.  |b Pamiatkový úrad  |4 aut  |9 97574 
245 1 0 |a Výročná správa ...  |c Pamiatkový úrad Slovenskej republiky 
264 1 |a [Bratislava]  |b Pamiatkový úrad SR  |c 2003-[2005] 
300 |a 3 zväzky  |c 25 cm 
310 |a 1x ročne 
336 |a text  |b txt  |2 rdacontent 
337 |a bez média  |b n  |2 rdamedia 
338 |a zväzok  |b nc  |2 rdacarrier 
362 0 |a 2002-[2004] 
500 |a Súčasťou názvu je označenie bežného roku 
504 |a Zoznamy 
650 0 7 |a pamiatková starostlivosť  |2 SNKPH  |9 2863 
650 0 7 |a authorities and institutions  |2 SNKPHeng  |9 266951 
650 0 7 |a Historic preservation  |2 SNKPHeng  |9 266952 
650 0 7 |a úrady a inštitúcie  |2 SNKPH  |9 31014 
651 7 |a Slovensko  |2 SNKPHgeo 
651 7 |a Slovakia  |2 SNKPHeng  |9 92630 
655 7 |a ročenky  |2 SNKPH  |9 57146 
655 7 |a Yearbooks  |2 SNKPHeng  |9 120938 
780 0 0 |t Výročná správa ...  |w vtls001470901 
919 |a 80-968632-8-2 
919 |a 80-89175-02-3 
919 |a 80-89175-09-0 
999 |c 3039  |d 4969 
952 |0 0  |1 0  |4 0  |7 0  |a SNK  |b SNK  |d 2004-04-30  |i snkPV 519/2004  |l 0  |o snkČSB 5243/2002  |p 17A0366040  |r 2005-01-02 00:00:00  |w 2026-02-21  |y PREZ 
952 |0 0  |1 0  |4 0  |7 0  |a SNK  |b SNK  |d 2004-04-30  |i snkPV 520/2004  |l 0  |o snkČSB 5243/2002 D1  |p 17A0366041  |r 2005-01-02 00:00:00  |w 2026-02-21  |y PREZ 
952 |0 0  |1 0  |4 0  |7 0  |8 0  |a SNK  |b SNK  |d 2006-05-17  |i snk2006/9994  |l 0  |o snkČSB 5243/2003  |p 17A0502176  |r 2026-02-21 19:52:35  |w 2026-02-21  |y PREZ 
952 |0 0  |1 0  |4 0  |7 0  |8 0  |a SNK  |b SNK  |d 2006-05-17  |i snk2006/9995  |l 0  |o snkČSB 5243/2003 D1  |p 17A0502177  |r 2026-02-21 19:52:35  |w 2026-02-21  |y PREZ 
952 |0 0  |1 0  |4 0  |7 0  |8 0  |a SNK  |b SNK  |d 2006-05-17  |i snk2006/9997  |l 0  |o snkČSB 5243/2004  |p 17A0502178  |r 2026-02-21 19:52:35  |w 2026-02-21  |y PREZ 
952 |0 0  |1 0  |4 0  |7 0  |8 0  |a SNK  |b SNK  |d 2006-05-17  |i snk2006/9999  |l 0  |o snkČSB 5243/2004 D1  |p 17A0502179  |r 2026-02-21 19:52:35  |w 2026-02-21  |y PREZ